[Event "Titled Tue 20th May Late"]
[Site "chess.com INT"]
[Date "2025.05.20"]
[Round "10"]
[White "Sanhueza, Cristian"]
[Black "Shandrygin, Nikita"]
[Result "0-1"]
[WhiteTitle "FM"]
[BlackTitle "FM"]
[WhiteElo "2182"]
[BlackElo "2209"]
[WhiteFideId "116815"]
[BlackFideId "24198668"]
[EventDate "2025.05.20"]

1. e4 e5 2. Nf3 f5 3. d3 Nc6 4. Nc3 Nf6 5. Bg5 Bb4 6. Be2 h6 7. Bxf6 Qxf6 8.
exf5 O-O 9. O-O Bxc3 10. bxc3 d6 11. Rb1 Rb8 12. Nd2 Bxf5 13. Bf3 Nd8 14. c4 b6
15. Ne4 Qg6 16. Ng3 Bd7 17. Be4 Qg5 18. Qh5 Qxh5 19. Nxh5 Ne6 20. Ng3 Nf4 21.
Rfe1 a5 22. Ne2 Nxe2+ 23. Rxe2 g5 24. c3 Kg7 25. f3 Rbe8 26. Rbe1 Rf4 27. d4 Rf7
28. Bd5 Rfe7 29. dxe5 Rxe5 30. Rxe5 Rxe5 31. Rxe5 dxe5 32. Kf2 Kf6 33. Ke3 Ke7
34. c5 bxc5 35. Kd3 Kd6 36. c4 h5 37. Be4 Be6 38. Kc3 h4 39. g3 Ke7 40. Kd3 Kf6
41. Ke3 Bxc4 42. a3 Be6 43. Kd2 Ke7 44. Kc3 Kd6 45. Kd3 Bd5 46. Bg6 Bxf3 47. Kc4
Bd5+ 48. Kb5 e4 49. Kxa5 e3 50. Bh5 Ke5 51. Kb5 Kd4 0-1

[Event "Titled Tue 20th May Late"]
[Site "chess.com INT"]
[Date "2025.05.20"]
[Round "10"]
[White "Arakhamia-Grant, Ketevan"]
[Black "Fernandes, Rogerio Paulo Muller"]
[Result "1-0"]
[WhiteTitle "GM"]
[WhiteElo "2262"]
[BlackElo "2241"]
[WhiteFideId "13600168"]
[BlackFideId "2101599"]
[EventDate "2025.05.20"]

1. e4 e6 2. d4 d5 3. e5 c5 4. c3 Nc6 5. Nf3 Qb6 6. Bd3 cxd4 7. O-O Bd7 8. Re1
dxc3 9. Nxc3 Nh6 10. h4 Ng4 11. Re2 Bc5 12. Na4 Bxf2+ 13. Kf1 Qc7 14. Rxf2 Nxf2
15. Kxf2 Nxe5 16. Nxe5 Qxe5 17. Nc5 Bc6 18. Qe2 Qd4+ 19. Be3 Qxh4+ 20. Kg1 O-O
21. Bf2 Qg5 22. Re1 Rac8 23. Bd4 Rfe8 24. Qc2 h6 25. Be3 Qe7 26. Qf2 b6 27. Nb3
Bd7 28. Qg3 Kh8 29. Bd4 Qf8 30. Qh4 f6 31. Bg6 Red8 32. Rf1 e5 33. Bxe5 Rc4 34.
Bd4 1-0

[Event "Titled Tue 20th May Late"]
[Site "chess.com INT"]
[Date "2025.05.20"]
[Round "10"]
[White "Mata Gonzalez, Jose Fernando"]
[Black "Gubajdullin, Alexei"]
[Result "0-1"]
[WhiteTitle "CM"]
[BlackTitle "FM"]
[WhiteElo "2164"]
[BlackElo "2227"]
[WhiteFideId "5107423"]
[BlackFideId "4141202"]
[EventDate "2025.05.20"]

1. e4 c5 2. Nf3 d6 3. d4 cxd4 4. Nxd4 Nf6 5. Nc3 g6 6. f4 Bg7 7. e5 Ng4 8. Bb5+
Kf8 9. h3 Nh6 10. g4 Nc6 11. Nxc6 bxc6 12. Bxc6 Ba6 13. Bxa8 Qxa8 14. Rg1 Ng8
15. exd6 Bxc3+ 16. bxc3 Nf6 17. dxe7+ Kg7 18. Qd4 Re8 19. Ba3 Qf3 20. Kd2 Kg8
21. Rae1 Qc6 22. Re5 Nd7 23. Rd5 Nb6 24. Rd8 Nc4+ 25. Kc1 Nxa3 26. Rxe8+ Qxe8
27. Qd8 Bb5 28. c4 Nxc4 29. f5 f6 30. Rd1 Kf7 31. Rd5 Bc6 32. Rc5 Ne5 0-1

[Event "Titled Tue 20th May Late"]
[Site "chess.com INT"]
[Date "2025.05.20"]
[Round "10"]
[White "Grzesik, Gracjan"]
[Black "Mekhitarian, Krikor Sevag"]
[Result "0-1"]
[WhiteTitle "CM"]
[BlackTitle "GM"]
[WhiteElo "2175"]
[BlackElo "2564"]
[WhiteFideId "1194593"]
[BlackFideId "2107660"]
[EventDate "2025.05.20"]

1. c4 b6 2. d4 Bb7 3. d5 e6 4. a3 Nf6 5. Nc3 Bd6 6. Nf3 O-O 7. g3 Re8 8. Bg2 a5
9. O-O Na6 10. Nd4 exd5 11. cxd5 Nc5 12. Qc2 Be5 13. Rd1 a4 14. Rb1 h6 15. e4 d6
16. h3 Qd7 17. Be3 Ba6 18. f4 Bxd4 19. Bxd4 Nh7 20. e5 Nf8 21. Ne4 Ng6 22. Nxc5
bxc5 23. Bc3 dxe5 24. fxe5 Nxe5 25. Bxe5 Rxe5 26. Qxc5 Rae8 27. Rbc1 Re2 28.
Qxc7 Qf5 29. Rf1 Qg6 30. Qc3 R2e3 31. Qd2 Rxg3 32. Kh2 Re2 0-1

[Event "Titled Tue 20th May Late"]
[Site "chess.com INT"]
[Date "2025.05.20"]
[Round "10"]
[White "Bratovic, Blaz"]
[Black "Galchenko, Matvey"]
[Result "0-1"]
[WhiteTitle "IM"]
[BlackTitle "IM"]
[WhiteElo "2319"]
[BlackElo "2442"]
[WhiteFideId "14603551"]
[BlackFideId "24175480"]
[EventDate "2025.05.20"]

1. e4 e6 2. d4 d5 3. e5 c5 4. c3 Qb6 5. Nf3 Nc6 6. Bd3 cxd4 7. O-O Bd7 8. Re1
Rc8 9. Nbd2 dxc3 10. bxc3 Na5 11. Rb1 Qc7 12. Nb3 Nc4 13. h4 Nh6 14. h5 a6 15.
Nbd4 Bc5 16. Bxh6 gxh6 17. Qc1 Bf8 18. Qf4 b5 19. Nh2 f5 20. g4 Rg8 21. Kh1 Rg7
22. gxf5 Rf7 23. Ng4 exf5 24. Nf6+ Kd8 25. Bxc4 dxc4 26. Nd5 Qb7 27. Qf3 Bc6 28.
Nxc6+ Qxc6 29. Rbd1 Ke8 30. e6 Rg7 31. Qxf5 Be7 32. f3 Qb7 33. Nf6+ Bxf6 34.
Qxf6 Qe7 35. Qe5 Rg5 36. Qe4 Rxh5+ 37. Kg1 Qg5+ 38. Kf1 Rh1+ 39. Ke2 Rh2+ 40.
Kf1 Qg2# 0-1

[Event "Titled Tue 20th May Late"]
[Site "chess.com INT"]
[Date "2025.05.20"]
[Round "10"]
[White "Gimeno Martos, Roberto"]
[Black "Onur, Cigdem"]
[Result "1-0"]
[WhiteTitle "CM"]
[BlackTitle "WCM"]
[WhiteElo "2090"]
[BlackElo "1966"]
[WhiteFideId "2226804"]
[BlackFideId "6346030"]
[EventDate "2025.05.20"]

1. e4 c5 2. Nc3 Nc6 3. g3 g6 4. Bg2 Bg7 5. d3 e6 6. Be3 d6 7. Qd2 Nge7 8. Bh6
O-O 9. h4 f5 10. h5 Qe8 11. Nge2 Nd4 12. O-O-O b5 13. Rdg1 b4 14. Bxg7 bxc3 15.
Nxc3 Kxg7 16. hxg6 Qxg6 17. exf5 Rxf5 18. Bxa8 d5 19. Qe3 Nf3 20. g4 Rf8 21. Rg3
d4 22. Qe2 dxc3 23. Rxf3 cxb2+ 24. Kb1 Bd7 25. Rxf8 Kxf8 26. Qf3+ Kg7 27. Re1
Qf6 28. Qe3 Nd5 29. Bxd5 exd5 30. Qe7+ Qf7 31. Qd6 Ba4 32. Re7 1-0

[Event "Titled Tue 20th May Late"]
[Site "chess.com INT"]
[Date "2025.05.20"]
[Round "10"]
[White "Herrera Ortiz, Miguel"]
[Black "Mammadov, Sadig"]
[Result "0-1"]
[WhiteTitle "IM"]
[BlackTitle "IM"]
[WhiteElo "2174"]
[BlackElo "2395"]
[WhiteFideId "5100550"]
[BlackFideId "13408712"]
[EventDate "2025.05.20"]

1. c4 c6 2. Nf3 Nf6 3. g3 d5 4. b3 g6 5. Bb2 Bg7 6. Bg2 O-O 7. O-O Nbd7 8. d3
Re8 9. Nbd2 e5 10. e4 Nc5 11. Qc2 dxe4 12. dxe4 Qd3 13. Qxd3 Nxd3 14. Bc3 Bg4
15. h3 Bxf3 16. Bxf3 Rad8 17. Rad1 Bf8 18. Be2 Bb4 19. Ba1 Nc5 20. Nf3 Nfxe4 21.
a3 Bxa3 22. Bxe5 Nxb3 23. Bd3 Ned2 24. Nxd2 Nxd2 25. Rxd2 Rxe5 26. Rdd1 Bc5 27.
Kg2 a5 28. Bc2 Rd4 29. Rxd4 Bxd4 30. Kf3 c5 31. Rb1 Re7 32. Be4 a4 33. Bd5 a3
34. Rb3 a2 35. Ra3 a1=Q 36. Rxa1 Bxa1 0-1

[Event "Titled Tue 20th May Late"]
[Site "chess.com INT"]
[Date "2025.05.20"]
[Round "10"]
[White "Howell, David W L"]
[Black "Zavortink, Matt"]
[Result "1-0"]
[WhiteTitle "GM"]
[WhiteElo "2668"]
[BlackElo "2135"]
[WhiteFideId "410608"]
[BlackFideId "2034263"]
[EventDate "2025.05.20"]

1. d4 Nf6 2. Bg5 c5 3. Bxf6 gxf6 4. d5 Qb6 5. Qc1 f5 6. c4 Bg7 7. Nc3 d6 8. e3
Nd7 9. Nge2 Ne5 10. Nf4 Qb4 11. Nd3 Nxd3+ 12. Bxd3 O-O 13. O-O Kh8 14. Qc2 Bxc3
15. bxc3 Qa5 16. Bxf5 Bxf5 17. Qxf5 Qxc3 18. Rfc1 Qa5 19. Qd7 Rfe8 20. Qxb7 Rab8
21. Qd7 Qa3 22. g3 Kg7 23. Qg4+ Kf8 24. Qf5 Kg7 25. Qg5+ Kh8 26. Kg2 Rb2 27.
Rcb1 Rxa2 28. Rxa2 Qxa2 29. Qf5 Kg8 30. Rc1 Qd2 31. Rc2 Qa5 32. Rb2 Qc7 33. h4
e6 34. Qg5+ Kh8 35. Qf6+ Kg8 36. Qg5+ Kh8 37. h5 Qe7 38. Qf4 exd5 39. cxd5 1-0

[Event "Titled Tue 20th May Late"]
[Site "chess.com INT"]
[Date "2025.05.20"]
[Round "10"]
[White "Naroditsky, Daniel"]
[Black "Panarin, Mikhail"]
[Result "1-0"]
[WhiteTitle "GM"]
[BlackTitle "GM"]
[WhiteElo "2619"]
[BlackElo "2562"]
[WhiteFideId "2026961"]
[BlackFideId "4153251"]
[EventDate "2025.05.20"]

1. e4 c6 2. Nf3 d5 3. exd5 cxd5 4. d4 Nc6 5. Bb5 e6 6. c4 Bd6 7. Nc3 Ne7 8. Bg5
f6 9. Bh4 a6 10. Bxc6+ bxc6 11. c5 Bc7 12. Bg3 O-O 13. O-O Ng6 14. Re1 Re8 15.
Qa4 Bd7 16. h4 h5 17. Bd6 Qb8 18. Qa3 e5 19. dxe5 Bg4 20. Nd4 Nxe5 21. Nxc6 Nxc6
22. Rxe8+ Qxe8 23. Bxc7 d4 24. Nd5 Qf7 25. Nb6 Re8 26. Bf4 Be2 27. Qa4 Bb5 28.
Qd1 Nb4 29. Qd2 a5 30. Re1 Rxe1+ 31. Qxe1 Qxa2 32. Nc8 Qf7 33. Nd6 Qd7 34. Qe4 1-0

[Event "Titled Tue 20th May Late"]
[Site "chess.com INT"]
[Date "2025.05.20"]
[Round "10"]
[White "Barrientos, Ernesto"]
[Black "Aranda, Juan Manuel"]
[Result "1-0"]
[WhiteTitle "CM"]
[BlackTitle "CM"]
[WhiteElo "2027"]
[BlackElo "2134"]
[WhiteFideId "3701247"]
[BlackFideId "160458"]
[EventDate "2025.05.20"]

1. e4 d6 2. d4 g6 3. c3 Bg7 4. Bd3 c5 5. Nf3 Nc6 6. d5 Ne5 7. Nxe5 Bxe5 8. f4
Bg7 9. O-O Nf6 10. c4 O-O 11. h3 e6 12. Nc3 exd5 13. cxd5 Re8 14. Qf3 a6 15. a4
Qb6 16. a5 Qc7 17. Bd2 b5 18. axb6 Qxb6 19. Na4 Qa7 20. Ba5 Rb8 21. Kh1 Bd7 22.
Bc3 Bb5 23. e5 Nd7 24. exd6 Nf6 25. f5 Bxd3 26. Qxd3 Rbd8 27. fxg6 Rxd6 28.
gxf7+ Qxf7 29. Nxc5 Rxd5 30. Qc4 Rc8 31. b4 Rdxc5 32. Qxf7+ Kxf7 33. bxc5 Rxc5
34. Bxf6 Bxf6 35. Rxa6 Kg7 36. Raxf6 Rc7 37. g4 h6 38. Kg2 Rc3 39. R1f3 Rc7 40.
Kg3 1-0

[Event "Titled Tue 20th May Late"]
[Site "chess.com INT"]
[Date "2025.05.20"]
[Round "10"]
[White "Hungaski, Robert"]
[Black "Reprintsev, Alexander"]
[Result "0-1"]
[WhiteTitle "GM"]
[BlackTitle "IM"]
[WhiteElo "2477"]
[BlackElo "2256"]
[WhiteFideId "2021030"]
[BlackFideId "14100541"]
[EventDate "2025.05.20"]

1. h3 b6 2. e3 Bb7 3. d4 c5 4. Nf3 e6 5. c4 Nf6 6. Nc3 cxd4 7. exd4 d5 8. Be2
Be7 9. O-O O-O 10. a3 Nbd7 11. Ne5 dxc4 12. Bxc4 Rc8 13. Ba2 Qc7 14. Nb5 Qb8 15.
Bf4 Qa8 16. Nxd7 Nxd7 17. Qg4 Nf6 18. Qh4 Bxg2 19. Rfe1 Nd5 20. Bg5 Bxg5 21.
Qxg5 Bxh3 22. Nd6 Rc2 23. Kh2 Nf4 24. Ne4 Nd3 25. Rg1 g6 26. Nf6+ Kh8 27. d5
Nxf2 28. Kg3 Qb8+ 29. Kh4 Qh2 30. Qh6 Bf5+ 31. Kg5 Nh3+ 0-1

[Event "Titled Tue 20th May Late"]
[Site "chess.com INT"]
[Date "2025.05.20"]
[Round "10"]
[White "Pranesh, M"]
[Black "Plat, Vojtech"]
[Result "1-0"]
[WhiteTitle "GM"]
[BlackTitle "GM"]
[WhiteElo "2576"]
[BlackElo "2482"]
[WhiteFideId "35028600"]
[BlackFideId "325740"]
[EventDate "2025.05.20"]

1. d4 d6 2. Nf3 Nf6 3. c3 g6 4. Bg5 Bg7 5. Nbd2 h6 6. Bh4 O-O 7. e4 Nc6 8. Bd3
e5 9. O-O Re8 10. dxe5 dxe5 11. Nc4 Qe7 12. Ne3 g5 13. Bg3 Be6 14. Qc2 Nh5 15.
Nd5 Bxd5 16. exd5 e4 17. Bxe4 Qxe4 18. Qxe4 Rxe4 19. dxc6 Nxg3 20. hxg3 bxc6 21.
Rfe1 Rxe1+ 22. Rxe1 Rb8 23. Re2 Kf8 24. g4 Rb5 25. Ne1 Rd5 26. f3 Be5 27. Kf2
Bd6 28. Nc2 Bc5+ 29. Ke1 a5 30. a4 Bb6 31. Na3 f5 32. Nc4 fxg4 33. fxg4 Kf7 34.
Re4 Kf6 35. Ke2 Rd8 36. Re5 Rd5 37. Re8 Rd7 38. b3 Rh7 39. Rf8+ Ke6 40. Rf5 h5
41. Rxg5 hxg4 42. Rxg4 Rh1 43. Rg6+ Kd5 44. Rg5+ Ke4 45. Nxa5 Rb1 46. Nc4 Kf4
47. Rg6 Rxb3 48. Kd3 Bf2 49. Kc2 Rb8 50. Rxc6 Ke4 51. Rxc7 Rg8 52. Kb3 Rg7 53.
Rxg7 1-0

[Event "Titled Tue 20th May Late"]
[Site "chess.com INT"]
[Date "2025.05.20"]
[Round "10"]
[White "Bian, Alex"]
[Black "Arabidze, Meri"]
[Result "1-0"]
[WhiteTitle "FM"]
[BlackTitle "IM"]
[WhiteElo "2342"]
[BlackElo "2440"]
[WhiteFideId "2056372"]
[BlackFideId "13604040"]
[EventDate "2025.05.20"]

1. e4 c5 2. Nf3 e6 3. d4 cxd4 4. Nxd4 Nc6 5. Nc3 Qc7 6. Be3 a6 7. Qd2 Nf6 8.
O-O-O Be7 9. f3 b5 10. Kb1 Bb7 11. g4 O-O 12. Bg2 Ne5 13. Qe1 Nc4 14. Bc1 Bb4
15. g5 Na3+ 16. bxa3 Bxc3 17. Qg3 Qxg3 18. hxg3 Ne8 19. Ne2 Ba5 20. Rxd7 Bc6 21.
Rdd1 b4 22. Nd4 Ba4 23. Nb3 Bxb3 24. axb3 Nc7 25. a4 Bb6 26. Rd7 Rfd8 27. Rhd1
Rxd7 28. Rxd7 e5 29. Bb2 Re8 30. Bh3 a5 31. Bg4 Kf8 32. Rd6 Bf2 33. Rc6 Ne6 34.
Bxe5 Nxg5 35. Bd6+ Kg8 36. Bd7 Rd8 37. Be7 Rxd7 38. Rc8+ 1-0

[Event "Titled Tue 20th May Late"]
[Site "chess.com INT"]
[Date "2025.05.20"]
[Round "10"]
[White "Carlsen, Magnus"]
[Black "Bernadskiy, Vitaliy"]
[Result "1-0"]
[WhiteTitle "GM"]
[BlackTitle "GM"]
[WhiteElo "2837"]
[BlackElo "2523"]
[WhiteFideId "1503014"]
[BlackFideId "14100371"]
[EventDate "2025.05.20"]

1. Nf3 Nf6 2. g3 g6 3. b3 b6 4. Bb2 Bg7 5. Bg2 Bb7 6. O-O O-O 7. c4 c5 8. d4
cxd4 9. Qxd4 d6 10. Nc3 Nbd7 11. Qd2 Rc8 12. Rfd1 a6 13. Rac1 Re8 14. Nd4 Bxg2
15. Kxg2 Qc7 16. e4 Qb7 17. f3 e6 18. Nde2 Rc6 19. Ba3 Nc5 20. Qe3 Qb8 21. Rc2
Rcc8 22. Rcd2 b5 23. cxb5 axb5 24. Bb4 Bf8 25. Nd4 Na6 26. a3 Nxb4 27. axb4 d5
28. Ndxb5 Bxb4 29. Rd3 dxe4 30. fxe4 Bxc3 31. Nxc3 Qxb3 32. Qf3 Ng4 33. Ne2 Nxh2
34. Rxb3 Nxf3 35. Kxf3 Red8 36. Rxd8+ Rxd8 37. e5 Kg7 38. Ke4 Rd1 39. Nd4 Re1+
40. Re3 Rg1 41. Nb5 h5 42. Nd6 Rd1 43. Rf3 f5+ 44. exf6+ 1-0

[Event "Titled Tue 20th May Late"]
[Site "chess.com INT"]
[Date "2025.05.20"]
[Round "10"]
[White "Lugo, Blas"]
[Black "Moreira, Ronaldo Alonso"]
[Result "0-1"]
[WhiteTitle "IM"]
[WhiteElo "2399"]
[BlackElo "2097"]
[WhiteFideId "2011263"]
[BlackFideId "2110547"]
[EventDate "2025.05.20"]

1. e4 e6 2. Nf3 d5 3. Nc3 Nf6 4. e5 Nfd7 5. d4 a6 6. Bf4 c5 7. dxc5 Bxc5 8. Bd3
b5 9. O-O h6 10. Re1 Qb6 11. Qd2 Nc6 12. a3 Bb7 13. b4 Be7 14. Bg3 Rc8 15. Nxd5
exd5 16. e6 Nf6 17. exf7+ Kxf7 18. Qf4 Rhe8 19. Qf5 Bf8 20. Qg6+ Kg8 21. Bh4 Ne7
22. Rxe7 Rxe7 23. g4 d4 24. g5 Nd5 25. Qh7+ Kf7 26. g6+ Ke8 27. Bxe7 Nxe7 28.
Ne5 Qe6 29. f4 Qh3 30. Kf2 Qxh2+ 31. Ke1 Qxf4 32. Nf7 Qe3+ 33. Kf1 Rc6 34. Nxh6
Rf6+ 35. Nf5 Nxf5 36. Bxf5 Rxf5# 0-1

[Event "Titled Tue 20th May Late"]
[Site "chess.com INT"]
[Date "2025.05.20"]
[Round "10"]
[White "Khalafvand, Dorsa Sadat"]
[Black "Alazmi, Amani"]
[Result "1-0"]
[WhiteTitle "WCM"]
[BlackTitle "WCM"]
[WhiteElo "1985"]
[BlackElo "1725"]
[WhiteFideId "36767522"]
[BlackFideId "10303553"]
[EventDate "2025.05.20"]

1. d4 d5 2. c4 e6 3. Nc3 Nf6 4. cxd5 exd5 5. Bg5 Be7 6. e3 h6 7. Bh4 O-O 8. Bd3
b6 9. Nf3 Bb7 10. O-O Nbd7 11. Qc2 Rc8 12. Rad1 c5 13. Bf5 cxd4 14. Nxd4 Rc4 15.
b3 Rc8 16. Qb2 a6 17. Nce2 Rc5 18. Rc1 Qc7 19. Bg3 Bd6 20. Bxd6 Qxd6 21. Rfd1 g6
22. Bc2 Rfc8 23. Bd3 Ne4 24. Bxe4 dxe4 25. Nf5 Qf6 26. Qxf6 Nxf6 27. Ne7+ Kg7
28. Nxc8 Bxc8 29. Rxc5 bxc5 30. Rd8 Bg4 31. Nf4 Bd7 32. Nd5 Be6 33. Nxf6 Kxf6
34. Ra8 c4 35. Rxa6 cxb3 36. axb3 Ke5 37. b4 Kd5 38. Kf1 Kc4 39. Rb6 Kc3 40. Ke2
Bc4+ 41. Kd1 Bb3+ 42. Kc1 Bc4 43. Rb7 Kd3 44. b5 Ke2 45. b6 Kxf2 46. Rxf7+ Bxf7
47. b7 Kxe3 48. b8=Q Be6 49. Qb6+ Kf4 50. Qxe6 e3 51. Kd1 g5 52. Ke2 g4 53.
Qxe3+ Kf5 54. g3 Kg6 55. Qf4 h5 56. Qe5 h4 57. gxh4 g3 58. Qg5+ Kh7 59. hxg3 Kh8
60. h5 Kh7 61. h6 Kh8 62. Qg7# 1-0

[Event "Titled Tue 20th May Late"]
[Site "chess.com INT"]
[Date "2025.05.20"]
[Round "10"]
[White "Le, Quang Liem"]
[Black "Kravtsiv, Martyn"]
[Result "1-0"]
[WhiteTitle "GM"]
[BlackTitle "GM"]
[WhiteElo "2729"]
[BlackElo "2598"]
[WhiteFideId "12401137"]
[BlackFideId "14113147"]
[EventDate "2025.05.20"]

1. Nf3 Nf6 2. c4 e6 3. Nc3 d5 4. e3 Be7 5. b3 O-O 6. Bb2 c5 7. cxd5 exd5 8. Rc1
Nc6 9. Na4 Ne4 10. Be2 d4 11. d3 Qa5+ 12. Kf1 Nf6 13. exd4 cxd4 14. Nxd4 Nb4 15.
a3 Nbd5 16. Bf3 Rd8 17. b4 Qa6 18. Nc5 Bxc5 19. Rxc5 Nf4 20. b5 Qb6 21. Rc4 a6
22. a4 axb5 23. axb5 h5 24. h3 h4 25. Kg1 Be6 26. Nxe6 Nxe6 27. Bxf6 gxf6 28.
Rxh4 Qxb5 29. Be4 Qe5 30. Qg4+ Kf8 31. g3 Ke7 32. Kg2 Ra2 33. Rb1 b6 34. Qf5 Qd4
35. Rh6 Rc8 36. h4 Rcc2 37. Rf1 Re2 38. h5 b5 39. Rh8 b4 40. h6 Ng5 41. h7 Nxh7
42. Rxh7 b3 43. Rh8 b2 44. Rb8 Kd6 45. Rd8+ 1-0

[Event "Titled Tue 20th May Late"]
[Site "chess.com INT"]
[Date "2025.05.20"]
[Round "10"]
[White "Distaso, Antonio Pio"]
[Black "Yurtseven, Melih"]
[Result "0-1"]
[BlackTitle "IM"]
[WhiteElo "2253"]
[BlackElo "2339"]
[WhiteFideId "805548"]
[BlackFideId "6312160"]
[EventDate "2025.05.20"]

1. e4 g6 2. d4 Bg7 3. Nc3 d6 4. f4 a6 5. Be2 Nd7 6. Bf3 e5 7. Nge2 Ne7 8. O-O
O-O 9. a4 c6 10. Be3 Qc7 11. Qe1 f5 12. fxe5 dxe5 13. Bg5 Nf6 14. dxe5 Qxe5 15.
Bf4 Qc5+ 16. Kh1 fxe4 17. Nxe4 Nxe4 18. Bxe4 Bf5 19. Ng3 Rae8 20. Nxf5 Nxf5 21.
Qe2 Bxb2 22. Rab1 Qd4 23. Qd3 Rxe4 24. Rxb2 Rxf4 25. Qb3+ Rf7 26. Re1 Qe3 27.
Rbb1 Qxb3 28. cxb3 Kg7 29. Rbd1 Rd4 30. Rc1 Rdd7 31. g3 Nd4 32. Rc3 Nf3 33. Ree3
Ng5 34. h4 Rd1+ 35. Kh2 Rd2+ 36. Kh1 Nh3 37. g4 Rff2 38. Rxh3 Rd1# 0-1

[Event "Titled Tue 20th May Late"]
[Site "chess.com INT"]
[Date "2025.05.20"]
[Round "10"]
[White "Tayar, Jonathan"]
[Black "Pakleza, Zbigniew"]
[Result "0-1"]
[WhiteTitle "IM"]
[BlackTitle "GM"]
[WhiteElo "2325"]
[BlackElo "2484"]
[WhiteFideId "2606534"]
[BlackFideId "1119290"]
[EventDate "2025.05.20"]

1. e4 a6 2. d4 b5 3. Bd3 Bb7 4. Nd2 e6 5. f4 Nf6 6. Ngf3 d5 7. e5 Ne4 8. Qe2
Nxd2 9. Bxd2 c5 10. c3 g6 11. Ng5 Nc6 12. O-O Be7 13. dxc5 Bxc5+ 14. Kh1 Be7 15.
Rae1 h6 16. Nxf7 Kxf7 17. Bxg6+ Kxg6 18. Qg4+ Kh7 19. f5 Rg8 20. Qh3 Bg5 21.
fxe6 Bxd2 22. Rf7+ Rg7 23. Qd3+ Kh8 24. Qxd2 Qg5 25. Qf2 Nxe5 26. Rxg7 Qxg7 27.
Qd4 Ng4 28. e7 Re8 29. Qb6 Bc8 30. Qc6 Nf6 31. Rf1 Qxe7 32. h3 Rf8 33. Qb6 Kg7
34. Qd4 Rf7 35. Rf2 Be6 36. Rf1 Kg8 37. Rf3 Ne4 38. Rg3+ Rg7 39. Re3 Qf7 40. Kh2
Qf4+ 41. Kh1 Qf1+ 42. Kh2 Rxg2# 0-1

[Event "Titled Tue 20th May Late"]
[Site "chess.com INT"]
[Date "2025.05.20"]
[Round "10"]
[White "Buchenau, Frank"]
[Black "Dubnevych, Maksym"]
[Result "0-1"]
[WhiteTitle "FM"]
[BlackTitle "FM"]
[WhiteElo "2190"]
[BlackElo "2292"]
[WhiteFideId "4604350"]
[BlackFideId "14184001"]
[EventDate "2025.05.20"]

1. e4 c5 2. g3 Nc6 3. Bg2 g6 4. Ne2 Bg7 5. c3 e5 6. d3 Nge7 7. Be3 d6 8. O-O h6
9. d4 cxd4 10. cxd4 O-O 11. d5 Nb8 12. Nbc3 a6 13. a4 Nd7 14. a5 f5 15. f4 fxe4
16. Nxe4 exf4 17. Nxf4 Ne5 18. Bb6 Qe8 19. Qb3 Nf5 20. Rac1 Bd7 21. Rc7 Ba4 22.
Qa3 Bb5 23. Rfc1 Rf7 24. Nxd6 Nxd6 25. Qxd6 Rd8 26. Qe6 Qxe6 27. dxe6 Rxc7 28.
Bxc7 Rc8 29. Nd5 Kh7 30. e7 Nd3 31. Rf1 Bd4+ 32. Kh1 Nf2+ 33. Rxf2 Bxf2 34. Bh3
Bc6 35. Kg2 Bc5 36. Bxc8 Bxd5+ 37. Kf1 Bxe7 38. Ke2 Bf6 39. b4 Be7 40. Kd3 Bxb4
41. Kd4 Bc6 42. Ke5 Kg7 43. Ke6 Bc5 44. Be5+ Kh7 45. Kf7 h5 46. Be6 Be4 47. Kf6
Bb4 48. Bc7 Kh6 49. Bf7 Bc3+ 50. Ke6 Kg5 51. h4+ Kg4 52. Be8 Be1 53. Kf7 Bxg3
54. Bxg3 Kxg3 55. Kg7 Kxh4 56. Bxg6 Bxg6 57. Kxg6 Kg4 0-1

[Event "Titled Tue 20th May Late"]
[Site "chess.com INT"]
[Date "2025.05.20"]
[Round "10"]
[White "Demchenko, Anton"]
[Black "Harsha, Bharathakoti"]
[Result "1/2-1/2"]
[WhiteTitle "GM"]
[BlackTitle "GM"]
[WhiteElo "2619"]
[BlackElo "2532"]
[WhiteFideId "4160258"]
[BlackFideId "5078776"]
[EventDate "2025.05.20"]

1. e4 c5 2. Nf3 Nc6 3. Bb5 g6 4. O-O Bg7 5. d3 Nf6 6. Re1 O-O 7. e5 Nd5 8. Bxc6
bxc6 9. h3 f6 10. exf6 Nxf6 11. Nc3 Re8 12. Qe2 e5 13. Ne4 d6 14. Bg5 Rb8 15. b3
Rb7 16. Nfd2 Rf7 17. Nc4 d5 18. Bxf6 Bxf6 19. Nxf6+ Qxf6 20. Nxe5 Rfe7 21. Qf3
Qd6 22. d4 cxd4 23. Nd3 Re4 24. Qd1 c5 25. Qd2 c4 26. Rxe4 dxe4 27. Ne1 c3 28.
Qe2 Ba6 29. Qg4 d3 30. cxd3 exd3 31. Qa4 d2 32. Qxe8+ Kg7 33. Nf3 d1=Q+ 34. Rxd1
Qxd1+ 35. Kh2 Qd6+ 36. g3 Bb7 37. Ne5 c2 38. Qf7+ Kh8 39. Qe8+ Kg7 40. Qf7+ Kh8
41. Qe8+ Kg7 1/2-1/2

[Event "Titled Tue 20th May Late"]
[Site "chess.com INT"]
[Date "2025.05.20"]
[Round "10"]
[White "Wu, Derek"]
[Black "Bhatia, Kanishka"]
[Result "1-0"]
[WhiteTitle "FM"]
[BlackTitle "WCM"]
[WhiteElo "2232"]
[BlackElo "1979"]
[WhiteFideId "30914558"]
[BlackFideId "2410095"]
[EventDate "2025.05.20"]

1. d4 Nf6 2. c4 e6 3. Nc3 d5 4. cxd5 exd5 5. Bg5 Be7 6. e3 O-O 7. Bd3 Re8 8.
Nge2 h6 9. Bh4 c6 10. O-O Ne4 11. Bxe7 Qxe7 12. Bxe4 dxe4 13. Ng3 f5 14. Rc1 Be6
15. d5 Rd8 16. Qh5 cxd5 17. Nxf5 Qf7 18. Qxf7+ Kxf7 19. Nd4 Nc6 20. Ncb5 Rac8
21. Nxc6 Rxc6 22. Rxc6 bxc6 23. Nxa7 Bd7 24. Rc1 Ra8 25. Nxc6 Bxc6 26. Rxc6 Rxa2
27. g4 Rxb2 28. h4 Rd2 29. Rd6 Ke7 30. Rg6 Kf7 31. Ra6 d4 32. Ra4 Rd1+ 33. Kg2
d3 34. Rxe4 Kf6 35. Kf3 g5 36. h5 Re1 37. Rd4 Rd1 38. Ke4 d2 39. Kd3 Rf1 40. Ke2
Rg1 41. Kxd2 Rg2 42. Ke2 Ke5 43. Kf3 Rg1 44. Ra4 Rc1 45. Ra6 Rc8 46. Rxh6 Rf8+
47. Kg3 Re8 48. f4+ Ke4 49. fxg5 Kxe3 50. g6 Ke4 51. g7 Rg8 52. Rg6 Ke5 53. h6
Re8 54. h7 Rd8 55. h8=Q Rg8 56. Qxg8 1-0